Sex and The City, Ally McBeal ou X-Files? - Statistiques

Statistiques générales
  • Ce quiz a été pris 66 fois
  • Le résultat moyen est 22 sur 40
Statistiques - réponses
Hint Réponse % Correct
Samantha Jones Sex and the City
87%
Carrie Bradshaw Sex and the City
85%
Charlotte York Sex and the City
82%
Miranda Hobbes Sex and the City
78%
Ally McBeal Ally McBeal
75%
Mr Big Sex and the City
75%
Steve Brady Sex and the City
75%
Fox Mulder X-Files
70%
Nelle Porter Ally McBeal
65%
Aidan Shaw Sex and the City
65%
Harry Goldenblatt Sex and the City
65%
Stanford Blatch Sex and the City
63%
Trey et Bunny MacDougal Sex and the City
63%
Ling Woo Ally McBeal
60%
Dana Scully X-Files
60%
L'homme à la cigarette, alias C.G.B. Spender X-Files
60%
Anthony Marentino Sex and the City
58%
John Cage Ally McBeal
57%
Elaine Vassal Ally McBeal
57%
Larry Paul Ally McBeal
57%
Juge Seymore Walsh Ally McBeal
57%
Billy et Georgia Thomas Ally McBeal
55%
Mark Albert Ally McBeal
52%
Magda Sex and the City
52%
Richard Fish Ally McBeal
48%
Walter Skinner X-Files
48%
Renée Raddick Ally McBeal
47%
Skipper Johnson Sex and the City
47%
Jeffrey Spender X-Files
45%
John Fitzgerald Byers X-Files
43%
Greta Lipp Ally McBeal
42%
Melvin Frohike X-Files
42%
Gorge profonde X-Files
42%
Kimmy Bishop Ally McBeal
40%
Maddie Harrington Ally McBeal
38%
Richard « Ringo » Langly X-Files
38%
Alex Krycek X-Files
37%
L'homme bien manucuré X-Files
33%
John Doggett X-Files
32%
Monica Reyes X-Files
30%
Aucun quiz correspondant
Distribution des résultats
% des personnes avec chaque résultat
Percentile par nombre de réponses
Votre historique - résultats
Vous n’avez pas pris ce quiz